000 00607nam a22001697a 4500
003 MACL
005 20160728131102.0
008 160728b xxu||||| |||| 00| 0 eng d
040 _cMACL
041 _aHindi
082 _a800 NIM
100 _aनैमिशराय, मोहनदास
_965622
245 _aहिन्‍दी दलित साहित्‍य
_cमोहनदास नैमिशराय
260 _aनई दिल्‍ली
_bसाहित्‍य अकादेमी
_c2014
650 _aदलित साहित्‍य
_949167
942 _2ddc
_cHIN
999 _c55219
_d55219